|
|
|
|
| LEADER |
00000naa2a2200000 4500 |
| 001 |
267251 |
| 005 |
20231031223726.0 |
| 035 |
|
|
|a (RuTPU)RU\TPU\book\290307
|
| 035 |
|
|
|a RU\TPU\book\290306
|
| 090 |
|
|
|a 267251
|
| 100 |
|
|
|a 20140725d1987 k y0rusy50 ca
|
| 101 |
0 |
|
|a rus
|
| 102 |
|
|
|a RU
|
| 200 |
1 |
|
|a Определение коммутационной устойчивости коллекторных электрических машин с учетом неидентичности коммутационных циклов
|f С. И. Качин
|
| 463 |
|
0 |
|0 (RuTPU)RU\TPU\book\179157
|t Электромашинные и машинно-вентильные источники импульсной мощности
|o тезисы докладов научно-технической конференции
|f НТО энергетики и электротехнической промышленности им. Г. М. Кржижановского, Томское областное управление ; Томский политехнический институт им. С.М. Кирова ; под ред. Г. А. Сипайлова
|v С. 66
|d 1987
|p 113 с.
|
| 610 |
1 |
|
|a труды учёных ТПУ
|
| 700 |
|
1 |
|a Качин
|b С. И.
|c специалист в области электротехники
|c профессор Томского политехнического университета, доктор технических наук
|f 1954-
|g Сергей Ильич
|2 stltpush
|3 (RuTPU)RU\TPU\pers\26829
|
| 801 |
|
1 |
|a RU
|b 63413507
|c 20120213
|
| 801 |
|
2 |
|a RU
|b 63413507
|c 20150908
|g RCR
|
| 942 |
|
|
|c BK
|